| 000 | 00440cam a2200181ua 4500 | ||
|---|---|---|---|
| 020 | _c130.00 | ||
| 041 |
_aeng _h |
||
| 082 |
_a004 _bSAR/EL |
||
| 100 | _aSarkar, S.K . | ||
| 245 |
_aElements of computer science / _cS.K.Sarkar. _hTextual Documents |
||
| 260 |
_aNew Delhi : _bS.Chand and Co , _c1998. |
||
| 300 | _a313 ; . | ||
| 365 | _a130.00 | ||
| 504 | _a | ||
| 700 | 1 | _aGupta, A.K . | |
| 942 | _cBK | ||
| 999 |
_c9753 _d9753 |
||